|
|
|
|
| LEADER |
00000nab a2200000 a 4500 |
| 001 |
vtls009163260 |
| 003 |
SK-MaSNL |
| 005 |
20260304180010.0 |
| 008 |
250507c20061212xo brzp 0 0slo |
| 015 |
|
|
|a SNBRB2007/11
|2 snkbucl
|
| 035 |
|
|
|a (sysno)vtls009163260
|
| 035 |
|
|
|a urn:nbn:sk:snk-ab711e
|
| 035 |
|
|
|a (uuid)b5bc7d15-9b6d-434a-998e-ef6f616975a6
|
| 035 |
|
|
|a (urnnbn)urn:nbn:sk:snk:ar-a06hoa
|
| 040 |
|
|
|a SNKBUCL
|b slo
|c SNKBUCL
|e AACR2
|
| 041 |
0 |
|
|a slo
|
| 044 |
|
|
|a xo
|c SK
|
| 080 |
|
|
|a 616-006.04-083
|2 2001
|
| 080 |
|
|
|a 615.851
|2 2001
|
| 100 |
1 |
|
|a Tvrdá, Gabriela
|4 aut
|9 1166134
|
| 245 |
1 |
0 |
|a Psychoterapeutické prístupy k onkologickému pacientovi
|c Gabriela Tvrdá
|
| 300 |
|
|
|b Fotogr.
|
| 650 |
0 |
7 |
|a ošetrovateľská starostlivosť
|2 SNKPH
|9 63308
|
| 650 |
0 |
7 |
|a psychologická starostlivosť
|2 SNKPH
|9 1094191
|
| 650 |
0 |
7 |
|a onkologickí pacienti
|2 SNKPH
|9 78306
|
| 773 |
0 |
|
|t Sestra : časopis pre zdravotníckych pracovníkov a inú odbornú verejnosť
|g Roč. V, č. 7 - 8 (2006), s. 28-29
|x 1335-9444
|
| 850 |
|
|
|a Slovenská národná knižnica
|
| 852 |
|
|
|a Slovenská národná knižnica
|
| 954 |
|
|
|a odborná, vedecká literatúra pôvodná (slovenská)
|2 lita
|
| 958 |
|
|
|a article27
|
| 958 |
|
|
|a SK
|
| 958 |
|
|
|a MI
|
| 958 |
|
|
|a OND
|
| 958 |
|
|
|a EUIPO
|
| 999 |
|
|
|c 3016021
|d 3017951
|